000 00388nam a2200133Ia 4500
008 231129s2015||||xx |||||||||||||| ||spa||
020 _a978-958-57628-8-6
040 _bspa
082 _a792.09861 C691c
245 0 _a[Colectivo Teatral Matacandelas 36 años]
260 _c2015
264 _aBogotá Colombia : Ministerio de Cultura
942 _2ddc
_cBKS
999 _c4126
_d4126